| 000 | 00902nam a2200289 i 4500 | ||
|---|---|---|---|
| 008 | |||
| 020 | _a0201068931 (paperback) | ||
| 040 |
_aNUST _cNUST |
||
| 049 | _aMAIN | ||
| 090 |
_aQC21.2 _bSEA |
||
| 100 | 1 |
_aSears, Francis W., _aauthor. |
|
| 245 | 1 | 0 |
_aUniversity physics / _cFrancis Weston Sears & Mark W. Zemansky. |
| 250 | _aFourth edition. | ||
| 260 |
_aReading, Masschusetts : _bAddison-Wesley, _c1970. |
||
| 300 |
_axii, 702 pages : _billustrations ; _c25 cm. |
||
| 336 |
_atext _btxt _2rdacontent |
||
| 337 |
_aunmediated _bn _2rdamedia |
||
| 338 |
_avolume _bnc _2rdacarrier |
||
| 440 | 0 | _aAddison-Wesley series in physics. | |
| 500 | _aIncludes index. | ||
| 650 | 0 | _aPhysics. | |
| 700 | 1 |
_aZemansky, Mark Waldo., _aauthor. |
|
| 907 |
_a.b10032782 _b26-08-22 _c17-04-03 |
||
| 003 | |||
| 005 | 20230123133650.0 | ||
| 942 |
_cBOOKS _kQC21.2 _mSEA |
||
| 999 |
_c152519 _d152519 |
||